Data analytics with R (Record no. 35849)
[ view plain ]
| 000 -LEADER | |
|---|---|
| fixed length control field | 00220nam a2200109Ia 4500 |
| 082 ## - DEWEY DECIMAL CLASSIFICATION NUMBER | |
| Classification number | 005.312 |
| Item number | MOT |
| 100 ## - MAIN ENTRY--PERSONAL NAME | |
| Personal name | Motwani- Bharti |
| 9 (RLIN) | 21 |
| 245 ## - TITLE STATEMENT | |
| Title | Data analytics with R |
| 260 ## - PUBLICATION, DISTRIBUTION, ETC. | |
| Date of publication, distribution, etc. | 2019 |
| 300 ## - PHYSICAL DESCRIPTION | |
| Extent | 646 |
| 942 ## - ADDED ENTRY ELEMENTS (KOHA) | |
| Koha item type | BOOK |
| Withdrawn status | Lost status | Damaged status | Not for loan | Home library | Current library | Date acquired | Inventory number | Total Checkouts | Full call number | Barcode | Date last seen | Date last checked out | Price effective from | Koha item type | Date due | Total Renewals |
|---|---|---|---|---|---|---|---|---|---|---|---|---|---|---|---|---|
| Fr. Agnel's C.Rodrigues College of Engineering | AGNEL TECHNICAL COLLEGE LIBRARY | 10/02/2023 | 1001 dt 02-02-2023 | 1 | 005.312 MOT | 26075 | 16/11/2023 | 20/06/2023 | 19/06/2023 | BOOK | ||||||
| Fr. Agnel's C.Rodrigues College of Engineering | Fr. Agnel's C.Rodrigues College of Engineering | 10/02/2023 | 1001 dt 02-02-2023 | 1 | 005.312 MOT | 26076 | 06/06/2024 | 06/06/2024 | 19/06/2023 | BOOK | 04/09/2024 | |||||
| Fr. Agnel's C.Rodrigues College of Engineering | Fr. Agnel's C.Rodrigues College of Engineering | 10/02/2023 | 1001 dt 02-02-2023 | 005.312 MOT | 26077 | 19/06/2023 | 19/06/2023 | BOOK | ||||||||
| Fr. Agnel's C.Rodrigues College of Engineering | Fr. Agnel's C.Rodrigues College of Engineering | 10/02/2023 | 1001 dt 02-02-2023 | 2 | 005.312 MOT | 26078 | 07/02/2025 | 06/01/2025 | 19/06/2023 | BOOK | 2 | |||||
| Fr. Agnel's C.Rodrigues College of Engineering | Fr. Agnel's C.Rodrigues College of Engineering | 10/02/2023 | 1001 dt 02-02-2023 | 005.312 MOT | 26079 | 19/06/2023 | 19/06/2023 | BOOK |